Statistiques concernant Capitales des pays d'Europe - Map Quiz

Cliquez ici pour prendre le quiz!

Statistiques générales

  • Ce quiz a été pris 167 fois
  • Le résultat moyen est 25 sur 44

Réponses sur la Carte

Les réponses sont colorées sur une échelle allant du rouge au vert en fonction du pourcentage des utilisateurs qui les ont devinées à leur premier essai. Vous pouvez retrouver ces pourcentages ci-dessous.
 

Statistiques - réponses

Réponse% Correct
Paris
82%
Andorre-la-Vieille
81%
Athènes
79%
Berlin
78%
Madrid
78%
Amsterdam
77%
Lisbonne
77%
Bruxelles
75%
Londres
75%
Dublin
74%
Luxembourg
74%
Moscou
74%
Berne
73%
Monaco
73%
Kiev
70%
Reykjavik
70%
Varsovie
66%
Helsinki
65%
Oslo
63%
Copenhague
62%
Stockholm
61%
La Valette
60%
Zagreb
58%
Bucarest
56%
Minsk
56%
Prague
55%
Budapest
48%
Rome
46%
Ljubljana
42%
Vilnius
42%
Sofia
41%
Tirana
41%
Vatican
41%
Belgrade
40%
Tallinn
39%
Chisinau
37%
Sarajevo
37%
Bratislava
35%
Vaduz
35%
Skopje
34%
Riga
30%
Podgorica
26%
Pristina
23%
Nicosie
20%

Distribution des résultats

Percentile par nombre de réponses

% des personnes avec chaque résultat

Votre développement - résultats

Vous n’avez pas pris ce quiz